000 00610nam a22002052 4500
001 0000006253
005 20151217152015.0
008 071001s xx 000 0 eng d
020 _a1560521228 :
_cKES 2,250
040 _aKABU
_cKABU
100 1 _aBrock, Susan L.
_@0000157661
245 1 0 _aWriting business proposals and reports :
_bkey strategies for success.
250 _arev. ed.
260 _aBoston :
_bThomson,
_c1992.
300 _a90 p.
650 0 _aProposal writing for business.
_@0000157662
908 _a071001
950 _@1
999 _c7246
_d7246